| 000 | 00325nam a22001337a 4500 | ||
|---|---|---|---|
| 003 | SGT | ||
| 020 | _a978-0-8261-6161-1 | ||
| 082 |
_a150 _bMAR |
||
| 100 | _aMARINI, IRMO | ||
| 245 | _aTHE PSYCHOLOGICAL AND SOCIAL IMPACT OF ILLNESS AND DISABILITY | ||
| 260 |
_aNEW YORK _bSPRINGER _c2018 |
||
| 300 | _a579 | ||
| 942 |
_2ddc _cBK |
||
| 999 |
_c19123 _d19123 |
||